| 000 | 01250nam a2200337 i 4500 | ||
|---|---|---|---|
| 001 | 200459449 | ||
| 003 | TR-AnTOB | ||
| 005 | 20250116104718.0 | ||
| 007 | ta | ||
| 008 | 240208s2023 tu b 001 0 tur d | ||
| 020 |
_a9789750286728 _q(paperback) |
||
| 035 | _a(TR-AnTOB)200459449 | ||
| 040 |
_aTR-AnTOB _beng _erda _cTR-AnTOB |
||
| 041 | 0 | _atur | |
| 050 | 4 |
_aKKX3800 _b.Ö94 2023 |
|
| 090 |
_aKKX3800 _b.Ö94 2023 |
||
| 100 | 1 |
_aÖzgenç, İzzet _eauthor _99625 |
|
| 245 | 1 | 0 |
_aCeza hukuku : _bgenel ve özel hükümler, karar incelemeleri, sınav soru ve cevapları / _cProf. Dr. İzzet Özgenç [and six others]. |
| 250 | _aGenişletilmiş 3. baskı. | ||
| 264 | 1 |
_aAnkara : _bSeçkin Yayıncılık, _c2023. |
|
| 300 |
_a704 pages ; _c24 cm |
||
| 336 |
_atext _btxt _2rdacontent |
||
| 337 |
_aunmediated _bn _2rdamedia |
||
| 338 |
_avolume _bnc _2rdacarrier |
||
| 490 | 0 |
_aSeçkin Hukuk ; _v2883 |
|
| 504 | _aBIBINDX | ||
| 650 | 7 |
_aCeza hukuku _zTürkiye _2etuturkob _948989 |
|
| 856 | 4 | 0 |
_3Turcademy (Also available online) _zOnline access link to the resource _uhttps://www.turcademy.com/en/kitap/ceza-hukuku-genel-ve-ozel-hukumler-karar-incelemeleri-sinav-soru-ve-cevaplari-9789750286728 |
| 942 |
_2lcc _cBK |
||
| 999 |
_c200459449 _d77661 |
||